000 00585nam a2200181Ia 4500
003 GCL
008 140319s9999 xx 000 0 ara d
040 _aGCL /
_cGCL
082 0 4 _a231
_bم ح
100 1 _aمحمد رضا حمادى
245 1 0 _aالحديث النبوى الشريف واثرة فى الدراسات اللغوية والنحوية /
_cمحمد رضا حمادى
260 _a[S.N] :
_bمؤسسة المطبوعات العربية ،
_c1982
300 _a508 ص
490 _a
650 0 4 _aالحديث
650 0 4 _aعلم الرواية
942 _2ddc
_cBK
999 _c47627
_d47627